000 00938nam a22002777a 4500
001 000454
003 DO-SdBNP
005 20171108132911.0
007 000454
008 160831b 2003 cl a ||||| |||| 00| 0 spa d
040 _aBPMSU
_bspa
_cBPMSU
082 4 _a303.34
_bF529c
100 1 _aFischman, David
245 1 3 _aEl camino del líder :
_bhistorias ancestrales y vivencias personales /
_cDavid Fischman.
250 _a11ª ed.
260 _aSantiago de Chile :
_bEl Mercurio : Aguilar,
_c2008.
300 _a187 p.
_bil. ,
_c24 cm.
500 _aIncluye referencias bibliográficas y notas al pie de las páginas.
500 _aIncluye datos biográficos del autor en la solapa de la cubierta.
650 4 _aLIDERAZGO
651 _aAUTOESTIMA
910 _aValidado. Control de calidad MFF
942 _2ddc
_cBK
945 _a Inventariado extranjero / 2017 VM
956 _2LOPEREZ
_310
_620160831
_8BPMSU
_a00041
999 _c11262
_d11262